Представление документа в формате RUSMARC

ПолеНазваниеЗначение
  Тип записи c
  Библиографический уровень m
001 Контрольный номер UONB/MAIN/2115e69625344dccbf15e1b78f0a29e6
005 Дата корректировки 20251205163431.7
010 Индекс ISBN __
9 Тираж 11000 экз.
013 Номер (ISMN) __
d Цена 50 к.
071 Издательские номер (звукозапись и ноты) 21
a Номер, присвоенный агентством 7073
100 Данные общей обработки __
a Данные общей обработки 20231101g1985 u y0rusy0189 ca
101 Язык документа 0_
a Язык текста rus
f Язык титульного листа rus
102 Страна публикации __
a Страна публикации RU
125 Кодированные данные звукозаписи и нотных изданий __
a Форма изложения нотного текста z
128 Кодированные данные (звукозаписи-физические характеристики) __
a Кодированные данные: Музыкальная форма и тональность или лад zz
c Инструменты или голоса, рекомендуемые для солистов (устаревшее) tb
200 Заглавие и сведения об ответственности 1_
a Заглавие Выпуск 29
f Первые сведения об ответственности составление и исполнительская редакция А. Борка
203 Вид содержания и тип средства __
a Вид содержания Музыка
b Характеристика содержания знаковая
c Тип средства непосредственная
210 Выходные данные 1_
d Дата издания 1985
215 Физическое описание __
a Объем 32 с.
327 Примечание о содержании 11
a Примечание о содержании Содерж. : Кабалевский Д. Импровизация. - Болдырев И. Прелюдия. - Вишкарев Л. Инвенция на якутскую народную тему. - Григорян Г. Прелюдия. - Цинцадзе С. Токката. - Власов В. Киргизский танец-игра. - Майкапар С. Токкатина. - Ребиков В. Две пьесы : Дети катаются с гор ; Дети вокруг елки. - Варламов А. Вальс. - Бах Ф. Э. Престо. - Гайдн Й. Менуэт. - Де Фалья М. Танец : из балета "Треуголка". - Турина Х. Туфельки балерины. - Пуленк Ф. Полька. - Стоит липенька : пол. нар. песня / обраб. Н. Полынского.
461 Уровень набора _0
1 2001
a Репертуар гитариста
b Ноты
e шестиструнная гитара
e [с сопровождением фортепиано и без сопровождения]
v Вып. 29
1 2101
a Москва
c Музыка
d 1966 -
1 001UONB/MAIN/70589ceb1d0c42ce83a9343d42e6c8d0
1 215
d 29 см
464 Аналитический уровень _0
1 700 1
a Кабалевский
b Д.
1 2001
a Импровизация
464 Аналитический уровень _0
1 700 1
a Болдырев
b И.
1 2001
a Прелюдия
464 Аналитический уровень _0
1 700 1
a Вишкарев
b Л.
1 2001
a Инвенция на якутскую народную тему
464 Аналитический уровень _0
1 700 1
a Григорян
b Г.
1 2001
a Прелюдия
464 Аналитический уровень _0
1 700 1
a Цинцадзе
b С.
1 2001
a Токката
464 Аналитический уровень _0
1 700 1
a Власов
b В.
1 2001
a Киргизский танец-игра
464 Аналитический уровень _0
1 700 1
a Майкапар
b С.
1 2001
a Токкатина
464 Аналитический уровень _0
1 700 1
a Ребиков
b В.
1 2001
a Дети катаются с гор
464 Аналитический уровень _0
1 700 1
a Ребиков
b В.
1 2001
a Дети вокруг елки
464 Аналитический уровень _0
1 700 1
a Варламов
b А.
1 2001
a Вальс
464 Аналитический уровень _0
1 700 1
a Бах
b Ф. Э.
1 2001
a Престо
464 Аналитический уровень _0
1 700 1
a Гайдн
b Й.
1 2001
a Менуэт
464 Аналитический уровень _0
1 700 1
a Де Фалья
b М.
1 2001
a Танец
e из балета "Треуголка"
1 50010
a Треуголка
i Танец
464 Аналитический уровень _0
1 700 1
a Турина
b Х.
1 2001
a Туфельки балерины
464 Аналитический уровень _0
1 700 1
a Пуленк
b Ф.
1 2001
a Полька
464 Аналитический уровень _0
1 702 1
a Полынский
b Н.
4 030
1 2001
a Стоит липенька
e пол. нар. песня
512 Заглавие обложки 1_
a Заглавие обложки Репертуар гитариста
606 Тематические рубрики 0_
a Основная рубрика Гитара шестиструнная
x Основная подрубрика Репертуар
610 Ключевые слова 0_
a Ключевые слова гитара шестиструнная; репертуар
686 Индексы других классификаций __
a Классификационный индекс 85.956.41я43
2 Код системы rubbk
702 Вторичная интеллектуальная ответственность _1
a Фамилия Борк
b Имя (инициалы) А. П.
g Полное личное имя Александр Павлович
4 Код отношения 220
4 Код отношения 340
801 Источник записи _0
a Страна RU
b Организация Ульяновская ОНБ
c Дата составления 20231101
g Правила каталогизации RCR
801 Источник записи _1
a Страна RU
b Организация Ульяновская ОНБ
c Дата составления 20231101
g Правила каталогизации RCR
901 Тип документа __
t Тип документа n
w Контрольный № источника UONB/MAIN/70589ceb1d0c42ce83a9343d42e6c8d0
909 Создатель записи __
a Создатель записи Грязнова И. Е.